00865nam a22002417a 450000500170000001000130001702000210003003500130005103700160006404000120008008200110009210000270010324500690013026000430019927000530024230000270029565000440032265000390036670000250040594200200043099900190045095201540046920170124110124.0 aA-585634 c00.00a817011456 aA-585634 bCen Lib/Ret aDPLbEN aNbSIN aSinha, Sarojini931163 aThe return home /cby Sarojini Sinha; illustrated by B. G. Varma bChildren's Book TrustaNew Delhic1990 bNew DelhiaNehru House, 4 Bahadurshah Zafar Marg a128p. :c21m(Hb)bill. aEast Indians -- Burma -- Fiction931164 aIndia -- History -- Fiction926936 aVarma, B. G. 931165 2ddccENhNmSIN c131209d131209 04104070aLbLd2015-07-14eCen Lib/Retg0.00l0oN SINpA-585634r2015-07-14 00:00:00t1v0.00w2015-07-14yENzW/d List No. 6852/20 : dtd 21/7/20